000 00531nam a2200181 i 4500
001 147732
003 ES-MaACL
005 20260612132716.0
007 t|
008 071005s1968 it ||||1| ita d
100 1 _aUscatescu, Jorge,
_d1919-1995
_9112293
245 1 0 _aGentile e Marx /
_cJorge Uscatescu.
260 _aRoma :
_b[s.n.],
_c1968.
300 _a4 h. ;
_c20 cm.
500 _aEstratto dal n. 4 (luglio-agosto) 1968 da "I problemi della Pedagogia"
852 _aES-MaACL
_j2061-F-18
_bR.67045
999 _c147732
_d147732